000 01327camaa22003011i 4500
003 EG-GiCUC
005 20260118112203.0
008 070215s1996 ua jr f100 0 ara d
040 _aEG-GiCUC
_bara
_cEG-GiCUC
082 0 4 _221
_a320.956
_bM9922 1995
092 0 4 _a320.956
_bM9922 1995
_221
099 _a320.956 M9922 1995
111 2 _aمؤتمر الباحثين الشباب
_n(الثالث :
_d1995 :
_cالقاهرة)
245 1 2 _aالنخبة السياسية فى العالم العربى /
_cأعمال المؤتمر الثالث للباحثين الشباب القاهرة11-13 نوفمبر1995 ؛ ابتسام سهيل ... (واخروان ) ، تحرير على الصاوى
250 _aالطبعة الاولى
264 _aالقاهرة :
_bمركز البحوث و الدراسات السياسية،
_c1996
300 _a613 صفحة ؛
_c24 سم
336 _2rdacontent
_atext
337 _2rdamedia
_aUnmediated
338 _2rdacarrier
_avolume
541 _aد. جابر عصفور ؛
_bالقاهرة ؛
_cإهداء ؛
_d2024
650 7 _aالعالم العربى
_xاحوال سياسية
_2qrmak
700 1 _aالصاوى، على
_eمحرر.
700 1 _aسهيل، ابتسام
905 _aبلتاجى
_eمراجع
905 _aرضا
_eمدخل
942 _2ddc
_cBK
_e21
_n0
999 _c91908
_d91908